| 000 | 00471nam a22001937a 4500 | ||
|---|---|---|---|
| 003 | OSt | ||
| 005 | 20140310181702.0 | ||
| 008 | 121119t xxu||||| |||| 00| 0 eng d | ||
| 020 | _a0861631951 | ||
| 050 |
_aPZ 7 _b.B661 1987 |
||
| 082 | _aKF B62g | ||
| 245 |
_aThe Goblin Hat _cby Enid Blyton |
||
| 260 |
_aLondon _bAwards Publications _cc1987. |
||
| 300 |
_g28 cm. _a192 cm _bill. ; |
||
| 541 | _j1 | ||
| 541 | _j2 | ||
| 562 | _e2 | ||
| 942 |
_2lcc _cBK-KF _kKF |
||
| 999 |
_c1244 _d1244 |
||